000 01239nam a22002777a 4500
003 OSt
005 20250819101532.0
007 cr ||||||a|c|a
008 230111s mx ad||fom||| 001 0 spa d
040 _erda
100 1 _9185625
_aAlemán Aguilar, Carolina Guadalupe
245 1 _aFactores que afectan la motivación para el aprendizaje de los estudiantes en las clases de inglés a nivel superior /
_cCarolina Guadalupe Alemán Aguilar; director de tesis Marcos Portillo Vázquez
264 1 _aChapingo, México :
_bEl autor,
_c2020.
300 _a1 recurso en línea (240 páginas).
336 _2rdacontent
_atexto
_btxt
337 _2rdamedia
_acomputadora
_bc
338 _2rdacarrier
_arecurso en línea
_bcr
502 _bDCEAS
_cSociología
_d2020.
_gDOC
504 _aIncluye referencias bibliográficas: páginas 199-219
650 4 _9130310
_aEstudiantes
_xAptitud de aprendizaje
650 4 _9143601
_aCalidad de los sistemas educativos
650 4 _958340
_aInglés
_xEstudio y enseñanza
700 1 _aPortillo Vázquez, Marcos
_eDirector de tesis
_991007
856 _uhttp://10.13.5.2/tesis/td/2020_SR_Aleman_Aguilar_CarolinaGuadalupe.pdf
_zDESCARGAR PDF
942 _2Clasificación Universidad Autónoma Chapingo
_cTD
999 _c217993
_d217993